[Event "RUS-ch Men Rapid 2019"]
[Site "Sochi"]
[Date "2019.10.16"]
[Round "11.31"]
[White "Volovich, Vasily"]
[Black "Apryshko, Gleb"]
[Result "1-0"]
[WhiteElo "2120"]
[BlackElo "2382"]
[Annotator "NA"]
[PlyCount "43"]
[EventDate "2019.10.15"]
[EventType "swiss"]
[EventCountry "RUS"]
[SourceTitle "playchess.com"]
[Source "ChessBase"]
[SourceQuality "1"]
[TimeControl "900+10"]

1. e4 {[%emt 0:00:00]} g6 {[%emt 0:00:00]} 2. d4 {[%emt 0:00:00]} Bg7 3. Nc3 a6 {[%emt 0:00:00]} 4. a4 {[%emt 0:00:13]} d6 {[%emt 0:00:00]} 5. h4 {[%emt 0:00:12]} Nf6 {[%emt 0:02:20]} 6. Be2 {[%emt 0:00:04]} c5 {[%emt 0:00:03]} 7. d5 {[%emt 0:00:02]} h5 {[%emt 0:00:38]} 8. Nf3 {[%emt 0:00:08]} Nbd7 {[%emt 0:00:59]} 9. O-O {[%emt 0:00:14]} b6 {[%emt 0:00:21]} 10. Bf4 {[%emt 0:00:32]} Ng4 {[%emt 0:00:24]} 11. Ng5 Nge5 {[%emt 0:00:36]} 12. Bg3 {[%emt 0:00:38]} Nf8 {[%emt 0:00:44]} 13. Qd2 {[%emt 0:01:15]} Bg4 {[%emt 0:01:01]} 14. f4 {[%emt 0:02:04]} Bxe2 {[%emt 0:00:08]} 15. Qxe2 {[%emt 0:00:19]} Ng4 {[%emt 0:00:02]} 16. e5 {[%emt 0:00:40]} f6 {[%emt 0:04:43]} 17. Nf3 {[%emt 0:03:34]} Nh6 {[%emt 0:01:45]} 18. exd6 {[%emt 0:00:21]} Qxd6 {[%emt 0:00:26]} 19. Ne4 {[%emt 0:00:14]} Qxd5 {[%emt 0:00:13]} 20. Rad1 {[%emt 0:00:57]} Qe6 {[%emt 0:00:00]} 21. Rfe1 {[%emt 0:00:37]} Kf7 {[%emt 0:01:42]} 22. Neg5+ {[%emt 0:00:07]} 1-0

[Event "RUS-ch Men Rapid 2019"]
[Site "Sochi"]
[Date "2019.10.16"]
[Round "11.32"]
[White "Savitskiy, Sergey"]
[Black "Gubsky, Egor"]
[Result "1-0"]
[WhiteElo "2407"]
[BlackElo "2339"]
[Annotator "NA"]
[PlyCount "91"]
[EventDate "2019.10.15"]
[EventType "swiss"]
[EventCountry "RUS"]
[SourceTitle "playchess.com"]
[Source "ChessBase"]
[SourceQuality "1"]
[TimeControl "900+10"]

1. e4 c5 2. Nf3 Nc6 3. Bb5 e6 4. O-O Nge7 5. Re1 a6 6. Bf1 d5 7. exd5 Nxd5 8. d4 Nf6 9. dxc5 Qxd1 10. Rxd1 Bxc5 11. Nc3 Bd7 12. Bf4 O-O-O 13. Ng5 e5 14. Bg3 Rhf8 15. Bc4 Be8 16. Rxd8+ Kxd8 17. Rd1+ Kc8 18. Nce4 Nxe4 19. Nxe4 Be7 20. Nd6+ Bxd6 21. Rxd6 Kc7 22. Rd1 f6 23. f4 Bf7 24. Bd3 Rd8 25. Re1 Bxa2 26. fxe5 Nxe5 27. Bxh7 Be6 28. Bxe5+ fxe5 29. Rxe5 Rd1+ 30. Kf2 Rd2+ 31. Ke3 Rd6 32. Rg5 Rd7 33. Bd3 Kd6 34. h4 Rf7 35. Rg6 Ke5 36. Rxe6+ Kxe6 37. Bc4+ Ke7 38. Bxf7 Kxf7 39. g4 Kg6 40. Ke4 Kf6 41. Kd5 a5 42. c4 a4 43. c5 Ke7 44. Ke5 Kd7 45. h5 Kc6 46. g5 1-0